Remote sensing and image interpretation / (Record no. 20806)

000 -LEADER
fixed length control field 01491cam a22001814i 4500
020 ## - INTERNATIONAL STANDARD BOOK NUMBER
ISBN 9781118343289
020 ## - INTERNATIONAL STANDARD BOOK NUMBER
ISBN 111834328X
040 ## - CATALOGING SOURCE
Transcribing agency DLC REM 2015 A006 Or.
100 1# - MAIN ENTRY--AUTHOR NAME
Personal name Lillesand, Thomas M.,
245 10 - TITLE STATEMENT
Title Remote sensing and image interpretation /
250 ## - EDITION STATEMENT
Edition statement Seventh edition
300 ## - PHYSICAL DESCRIPTION
Number of Pages xii, 720 pages :
Other physical details color illustrations ;
Dimensions 23 cm
520 ## - SUMMARY, ETC.
Summary, etc The front cover shows a topographic image derived from airborne lidar data, two days after the massive Oso landslide (March 2014, in Washington State). With more than forty deaths and nearly fifty homes destroyed, this event ranks among the deadliest landslides in U.S. history, Lidar (light detection and ranging; Chapter 6) is an active remote sensing technique that involves transmitting pulses of laser light toward the ground and measuring the elapsed lime of pulse returns. The laser's rapid pulse rate yields a dense cloud of points that can be analyzed to extract the shape of the ground surfaces, as well as trees, structures, and other objects. Analysis of lidar images from before and after the event shows that the landslide covered an area of approximately 120 hectares (300 acres) and that about four million cubic meters (5.2 mil Hon; cubic yards) of material moved downslope. Chapter 8, Section 8.14 (Natural Disaster Assessment) provides additional imagery and discussion of the Oso landslide
650 #0 - SUBJECT ADDED ENTRY--TOPICAL TERM
Topical Term Remote sensing.
700 1# - ADDED ENTRY--PERSONAL NAME
Personal name Kiefer, Ralph W.
700 1# - ADDED ENTRY--PERSONAL NAME
Personal name Chipman, Jonathan W.
942 ## - ADDED ENTRY ELEMENTS (KOHA)
Koha item type ADB
952 ## - LOCATION AND ITEM INFORMATION (KOHA)
Withdrawn status [LOCAL, KOHA] 0
952 ## - LOCATION AND ITEM INFORMATION (KOHA)
Withdrawn status [LOCAL, KOHA] 0
952 ## - LOCATION AND ITEM INFORMATION (KOHA)
Withdrawn status [LOCAL, KOHA] 0
Holdings
Permanent Location Date acquired Koha item type Lost status Shelving location Barcode Current Location Full call number
Library Block A2022-12-02ADB A028a069847Library Block ADLC REM 2015 A028 Or.
Library Block A2022-12-02ADB A028a069835Library Block ADLC REM 2015 A028 Or.
Library Block A2022-12-02ADB A028a069615Library Block ADLC REM 2015 A028 Or.
មជ្ឈមណ្ឌលឯការនៃសាកលវិទ្យាល័យភូមិន្ទកសិកម្មចំការដូង

Powered by Koha